[Event "Zuerich op 43rd"]
[Site "Zuerich"]
[Date "2019.12.27"]
[Round "3"]
[White "Martirosyan, Haik M"]
[Black "Zhang, Xiaopeng"]
[Result "1-0"]
[WhiteElo "2613"]
[BlackElo "2339"]
[PlyCount "69"]
[EventDate "2019.12.26"]
[EventType "swiss"]
[EventRounds "7"]
[EventCountry "SUI"]
[SourceTitle "CBM 194 Extra"]
[Source "ChessBase"]
[SourceDate "2020.03.31"]
[SourceVersion "1"]
[SourceVersionDate "2020.03.31"]
[SourceQuality "1"]

1. d4 Nf6 2. c4 g6 3. Nf3 Bg7 4. g3 d6 5. Bg2 0-0 6. Nc3 Nc6 7. 0-0 a6 8. d5 Na5 9. b3 c5 10. dxc6 bxc6 11. Bd2 Bd7 12. Rc1 Rb8 13. c5 Nb7 14. cxd6 exd6 15. Bf4 Qe7 16. h3 Rfd8 17. e4 Be8 18. Qe2 Nc5 19. e5 dxe5 20. Nxe5 Rbc8 21. Nxg6 Qxe2 22. Nxe2 hxg6 23. Rxc5 Nd5 24. Bg5 f6 25. Bd2 Bf8 26. Rc4 c5 27. Ba5 Rd6 28. Rfc1 Nb6 29. R4c2 Bf7 30. Bb7 Rcd8 31. Bxa6 Rd1+ 32. Kh2 Rxc1 33. Nxc1 Rd6 34. Bxb6 Rxb6 35. Bc4 1-0

[Event "Prague op-A 18th"]
[Site "Prague"]
[Date "2019.01.18"]
[Round "9"]
[White "Low, Zhen Yu Cyrus"]
[Black "Zhang, Xiaopeng"]
[Result "1-0"]
[WhiteElo "2385"]
[BlackElo "2299"]
[PlyCount "93"]
[EventDate "2019.01.11"]
[EventType "swiss"]
[EventRounds "9"]
[EventCountry "CZE"]
[SourceTitle "CBM 188 Extra"]
[Source "ChessBase"]
[SourceDate "2019.02.28"]
[SourceVersion "1"]
[SourceVersionDate "2019.02.28"]
[SourceQuality "1"]

1. e4 e5 2. Nf3 Nc6 3. Bc4 Bc5 4. 0-0 Nf6 5. d3 d6 6. c3 a6 7. Bb3 Ba7 8. Nbd2 0-0 9. h3 Be6 10. Bc2 h6 11. Re1 Re8 12. Nf1 d5 13. exd5 Nxd5 14. Ng3 Qd6 15. Nh4 Qf8 16. Nhf5 Nde7 17. Qh5 Nxf5 18. Nxf5 Bxf5 19. Qxf5 Qd6 20. Qe4 f5 21. Qc4+ Kh8 22. Be3 Bxe3 23. Rxe3 b5 24. Qh4 Rf8 25. Rae1 Rf6 26. Qh5 Raf8 27. Qd1 Qc5 28. Qd2 Rg6 29. Bb3 e4 30. Qd1 Rd8 31. Qh5 Rg5 32. Qe2 Qf8 33. f4 exf3 34. Qxf3 f4 35. Re6 Na5 36. Bc2 Rg3 37. Qf2 Rg5 38. Rf1 Rf5 39. Rxa6 Nb7 40. d4 Rf7 41. Bg6 Rf6 42. Rxf6 Qxf6 43. Bb1 Rf8 44. Qc2 Kg8 45. Qh7+ Kf7 46. Qe4 Nd6 47. Qxf4 1-0

[Event "Prague op-A 18th"]
[Site "Prague"]
[Date "2019.01.12"]
[Round "3"]
[White "Zhang, Xiaopeng"]
[Black "Postny, Evgeny"]
[Result "0-1"]
[WhiteElo "2299"]
[BlackElo "2623"]
[PlyCount "82"]
[EventDate "2019.01.11"]
[EventType "swiss"]
[EventRounds "9"]
[EventCountry "CZE"]
[SourceTitle "CBM 188 Extra"]
[Source "ChessBase"]
[SourceDate "2019.02.28"]
[SourceVersion "1"]
[SourceVersionDate "2019.02.28"]
[SourceQuality "1"]

1. d4 Nf6 2. c4 e6 3. Nf3 Bb4+ 4. Nbd2 0-0 5. a3 Be7 6. g3 b6 7. Bg2 Bb7 8. 0-0 c5 9. dxc5 bxc5 10. b3 Nc6 11. Bb2 Qc7 12. Qc2 h6 13. Rfd1 Rab8 14. Nf1 Ba8 15. Rab1 a5 16. Ne3 Rb6 17. Bc3 Rfb8 18. Rb2 Qa7 19. h4 a4 20. bxa4 Rxb2 21. Bxb2 Na5 22. Be5 Rb6 23. Nd2 Bxg2 24. Kxg2 Nc6 25. a5 Qxa5 26. Bc3 Qa8 27. f3 Ra6 28. Nb1 Qb8 29. Qd3 Nh5 30. Nf1 Bxh4 31. Qd6 Qxd6 32. Rxd6 Rb6 33. Nbd2 Bf6 34. Ne4 Bxc3 35. Nxc3 Rb2 36. Kf2 Rc2 37. Ne4 Nd4 38. Nfd2 Nxg3 39. Rxd7 Nxe4+ 40. Nxe4 Rxe2+ 41. Kf1 Ra2 0-1

[Event "Boeblinger op 35th"]
[Site "Boeblingen"]
[Date "2018.12.27"]
[Round "3"]
[White "Ochsner, Bjorn Moller"]
[Black "Zhang, Xiaopeng"]
[Result "1-0"]
[WhiteElo "2457"]
[BlackElo "2299"]
[PlyCount "85"]
[EventDate "2018.12.26"]
[EventType "swiss"]
[EventRounds "9"]
[EventCountry "GER"]
[SourceTitle "CBM 188 Extra"]
[Source "ChessBase"]
[SourceDate "2019.02.28"]
[SourceVersion "1"]
[SourceVersionDate "2019.02.28"]
[SourceQuality "1"]

1. e4 c5 2. Nf3 d6 3. Bb5+ Bd7 4. Bxd7+ Qxd7 5. c4 Nf6 6. Nc3 g6 7. d4 cxd4 8. Nxd4 Bg7 9. f3 Nc6 10. Be3 0-0 11. 0-0 a6 12. a4 e6 13. Nxc6 Qxc6 14. Qd3 Rfd8 15. Rfd1 h5 16. Rac1 Kh7 17. Rc2 Rac8 18. Rcd2 Rd7 19. b3 Bh6 20. Bxh6 Kxh6 21. Qd4 Kg7 22. Rd3 Rcd8 23. Qe3 Qc5 24. Rd4 h4 25. Ne2 b5 26. cxb5 axb5 27. b4 Qe5 28. a5 d5 29. Nc3 h3 30. f4 Qh5 31. exd5 hxg2 32. Qe5 Qxe5 33. fxe5 Nxd5 34. Nxb5 Rb8 35. Nd6 f6 36. exf6+ Kxf6 37. Ne4+ Ke5 38. Nc5 Ra7 39. a6 Rxb4 40. Rxd5+ exd5 41. Nd3+ Kd4 42. Nxb4+ Kc4 43. Nxd5 1-0

[Event "CHN-ch blitz"]
[Site "Shenzhen"]
[Date "2016.08.26"]
[Round "8"]
[White "Lin, Yi1"]
[Black "Zhang, Xiaopeng"]
[Result "0-1"]
[WhiteElo "2325"]
[BlackElo "2278"]
[PlyCount "56"]
[EventDate "2016.08.25"]
[EventType "swiss (blitz)"]
[EventRounds "9"]
[EventCountry "CHN"]
[SourceTitle "CBM 174 Extra"]
[Source "ChessBase"]
[SourceDate "2016.10.10"]
[SourceVersion "1"]
[SourceVersionDate "2016.10.10"]
[SourceQuality "1"]

1. c4 e6 2. Nf3 d5 3. g3 Nf6 4. Bg2 Be7 5. d4 0-0 6. Nc3 dxc4 7. Ne5 Nc6 8. Bxc6 bxc6 9. Nxc6 Qe8 10. Nxe7+ Qxe7 11. Qa4 c5 12. dxc5 Qxc5 13. Be3 Qh5 14. Qxc4 Bb7 15. f3 Rfd8 16. Kf2 Nd5 17. Nxd5 Bxd5 18. Qa4 Rab8 19. b3 Rbc8 20. h4 Bxf3 21. Rac1 Bxh1 22. Rxh1 Rc2 23. g4 Qd5 24. Re1 f5 25. g5 e5 26. Qxa7 f4 27. Bb6 Rf8 28. Qe7 f3 0-1

[Event "CHN-ch blitz"]
[Site "Shenzhen"]
[Date "2016.08.26"]
[Round "5"]
[White "Xiang, Zeyu"]
[Black "Zhang, Xiaopeng"]
[Result "1-0"]
[WhiteElo "2314"]
[BlackElo "2278"]
[PlyCount "21"]
[EventDate "2016.08.25"]
[EventType "swiss (blitz)"]
[EventRounds "9"]
[EventCountry "CHN"]
[SourceTitle "CBM 174 Extra"]
[Source "ChessBase"]
[SourceDate "2016.10.10"]
[SourceVersion "1"]
[SourceVersionDate "2016.10.10"]
[SourceQuality "1"]

1. d4 d5 2. c4 e6 3. Nf3 Nf6 4. g3 Be7 5. Bg2 0-0 6. Nc3 dxc4 7. Ne5 Nc6 8. Bxc6 bxc6 9. Nxc6 Qe8 10. Nxe7+ Qxe7 11. Qa4 1-0

[Event "CHN-ch blitz"]
[Site "Shenzhen"]
[Date "2016.08.26"]
[Round "9"]
[White "Zhang, Xiaopeng"]
[Black "Li, Di"]
[Result "1-0"]
[WhiteElo "2278"]
[BlackElo "2426"]
[PlyCount "69"]
[EventDate "2016.08.25"]
[EventType "swiss (blitz)"]
[EventRounds "9"]
[EventCountry "CHN"]
[SourceTitle "CBM 174 Extra"]
[Source "ChessBase"]
[SourceDate "2016.10.10"]
[SourceVersion "1"]
[SourceVersionDate "2016.10.10"]
[SourceQuality "1"]

1. e4 e6 2. d4 d5 3. Nc3 Bb4 4. e5 c5 5. a3 Bxc3+ 6. bxc3 Qa5 7. Qd2 Nc6 8. a4 cxd4 9. cxd4 Qxd2+ 10. Bxd2 Nxd4 11. Bd3 Ne7 12. c3 Nb3 13. Rb1 Nxd2 14. Kxd2 Nc6 15. f4 g5 16. g3 gxf4 17. gxf4 Bd7 18. Rxb7 Na5 19. Rb4 Nc6 20. Rb7 Na5 21. Rb4 Ke7 22. Nf3 Rhg8 23. Re1 h6 24. Re2 Rac8 25. Nd4 Rg1 26. f5 exf5 27. Bxf5 Nc4+ 28. Kc2 Rc7 29. Bxd7 Kxd7 30. Rb5 Nb6 31. a5 Na4 32. Rxd5+ Kc8 33. Nb5 Rc5 34. Rxc5+ Nxc5 35. Nxa7+ 1-0

[Event "CHN-ch rapid"]
[Site "Shenzhen"]
[Date "2016.08.24"]
[Round "1"]
[White "Zhang, Xiaopeng"]
[Black "Xu, Xiangyu"]
[Result "1/2-1/2"]
[WhiteElo "2278"]
[BlackElo "2461"]
[PlyCount "107"]
[EventDate "2016.08.24"]
[EventType "swiss (rapid)"]
[EventRounds "9"]
[EventCountry "CHN"]
[SourceTitle "CBM 174 Extra"]
[Source "ChessBase"]
[SourceDate "2016.10.10"]
[SourceVersion "1"]
[SourceVersionDate "2016.10.10"]
[SourceQuality "1"]

1. e4 c5 2. Nf3 d6 3. d4 cxd4 4. Nxd4 Nf6 5. Nc3 Nc6 6. Bg5 Bd7 7. Qd2 Rc8 8. 0-0-0 Nxd4 9. Qxd4 Qa5 10. f4 h6 11. Bxf6 gxf6 12. Be2 Qc5 13. Qd3 f5 14. exf5 Qxf5 15. Qg3 Qg6 16. Qxg6 fxg6 17. Bf3 Bc6 18. Nd5 Kf7 19. Rhe1 h5 20. Rd3 e6 21. Nc3 Bxf3 22. Rxf3 Rc4 23. Ne4 Be7 24. b3 Rd4 25. c3 Rd5 26. Ng5+ Bxg5 27. fxg5+ Rf5 28. Rfe3 e5 29. h4 Ke6 30. c4 Rf2 31. R1e2 Rxe2 32. Rxe2 Rf8 33. Kc2 Rf4 34. g3 Rf3 35. Rg2 e4 36. g4 hxg4 37. Rxg4 Ke5 38. h5 gxh5 39. g6 Rf8 40. Rg5+ Kf4 41. Rxh5 Rg8 42. Kc3 Rxg6 43. Kd4 Rg4 44. Rh7 Kf3 45. Rh3+ Kf4 46. Rh7 Kf3 47. Rh3+ Ke2 48. Rh2+ Kf3 49. Rh3+ Ke2 50. Rh2+ Kf3 51. Rh3+ Ke2 52. Rh2+ Kf3 53. Rh3+ Ke2 54. Rh2+ 1/2-1/2

[Event "CHN-chB"]
[Site "Harbin"]
[Date "2016.07.21"]
[Round "10"]
[White "Xu, Minghui"]
[Black "Zhang, Xiaopeng"]
[Result "1-0"]
[WhiteElo "2305"]
[BlackElo "2320"]
[PlyCount "79"]
[EventDate "2016.07.17"]
[EventType "swiss"]
[EventRounds "11"]
[EventCountry "CHN"]
[SourceTitle "CBM 173 Extra"]
[Source "ChessBase"]
[SourceDate "2016.08.29"]
[SourceVersion "1"]
[SourceVersionDate "2016.08.29"]
[SourceQuality "1"]

1. Nf3 d5 2. c4 e6 3. g3 Nf6 4. Bg2 Be7 5. b3 c6 6. Bb2 Nbd7 7. 0-0 b6 8. d3 Bb7 9. Nbd2 0-0 10. e4 c5 11. cxd5 exd5 12. e5 Ne8 13. d4 Nc7 14. Re1 Ne6 15. Nf1 Qb8 16. Ne3 Rd8 17. Qc2 cxd4 18. Nxd4 Nxd4 19. Bxd4 Nc5 20. Nf5 Bf8 21. Rad1 Ne6 22. Ba1 Qc7 23. Qxc7 Nxc7 24. Nd6 Bxd6 25. exd6 Nb5 26. Re7 Bc6 27. Rc1 Be8 28. Bxd5 Rab8 29. d7 Rxd7 30. Rxd7 Bxd7 31. a4 Nd6 32. Rc7 Rd8 33. Rxa7 Bh3 34. f3 Rc8 35. Ra8 Rxa8 36. Bxa8 Be6 37. Be5 Nc8 38. b4 f6 39. Bd4 Kf8 40. a5 1-0

[Event "CHN-chB"]
[Site "Harbin"]
[Date "2016.07.21"]
[Round "9"]
[White "Zhang, Xiaopeng"]
[Black "Yu, Kaifeng"]
[Result "1/2-1/2"]
[WhiteElo "2320"]
[BlackElo "2251"]
[PlyCount "108"]
[EventDate "2016.07.17"]
[EventType "swiss"]
[EventRounds "11"]
[EventCountry "CHN"]
[SourceTitle "CBM 173 Extra"]
[Source "ChessBase"]
[SourceDate "2016.08.29"]
[SourceVersion "1"]
[SourceVersionDate "2016.08.29"]
[SourceQuality "1"]

1. e4 c5 2. Nf3 d6 3. d4 cxd4 4. Nxd4 Nf6 5. Nc3 a6 6. Be3 e5 7. Nb3 Be7 8. f3 Be6 9. Qd2 0-0 10. 0-0-0 a5 11. a4 Nc6 12. g4 Nb4 13. Kb1 Rc8 14. g5 Nh5 15. Rg1 f5 16. gxf6 Rxf6 17. Bg5 Rxf3 18. Bxe7 Qxe7 19. Qxd6 Qxd6 20. Rxd6 Nf4 21. Nxa5 Rf2 22. Nxb7 Rxc2 23. Bb5 Rxh2 24. Rb6 h5 25. Nd6 Rd8 26. a5 h4 27. a6 Nxa6 28. Bxa6 h3 29. Bf1 Rf2 30. Bxh3 Nxh3 31. Rg3 Rf1+ 32. Kc2 Rg1 33. Rxg1 Nxg1 34. Nb7 Re8 35. Nc5 Bf7 36. Nd5 Nf3 37. Kd3 Rd8 38. Ke3 Nd4 39. Ne7+ Kf8 40. Nc6 Nxc6 41. Rxc6 Ke7 42. Nd3 Rb8 43. b4 Rb5 44. Kf3 Ba2 45. Rc1 Kf6 46. Rc6+ Ke7 47. Rc1 Kf6 48. Ke3 Ke7 49. Rc7+ Kf6 50. Rc6+ Ke7 51. Rg6 Bb1 52. Nc5 Rxb4 53. Re6+ Kf7 54. Rxe5 Ba2 1/2-1/2

[Event "CHN-chTB"]
[Site "Harbin"]
[Date "2016.07.14"]
[Round "8.3"]
[White "Zhang, Xiaopeng"]
[Black "Bao, Qilin"]
[Result "1/2-1/2"]
[WhiteElo "2320"]
[BlackElo "2305"]
[PlyCount "64"]
[EventDate "2016.07.11"]
[EventType "team-swiss"]
[EventRounds "11"]
[EventCountry "CHN"]
[SourceTitle "CBM 173 Extra"]
[Source "ChessBase"]
[SourceDate "2016.08.29"]
[SourceVersion "1"]
[SourceVersionDate "2016.08.29"]
[SourceQuality "1"]
[WhiteTeam "Hangzhou Chess Assoc"]
[BlackTeam "Heilongjiang BG Center"]
[WhiteTeamCountry "CHN"]
[BlackTeamCountry "CHN"]

1. e4 e5 2. Nf3 Nf6 3. Nxe5 d6 4. Nf3 Nxe4 5. Nc3 Nxc3 6. dxc3 Nc6 7. Be3 Be7 8. Qd2 Be6 9. 0-0-0 Qd7 10. Kb1 Bf6 11. h3 a6 12. g4 h6 13. Bg2 0-0-0 14. Nd4 Bxd4 15. Bxd4 f6 16. Be3 Rde8 17. b3 h5 18. f3 Bf7 19. c4 Re7 20. Rhe1 Rhe8 21. Qc3 Bg6 22. Bf1 Nb4 23. Rc1 Nc6 24. Kb2 hxg4 25. hxg4 Rh8 26. Bf4 Rxe1 27. Rxe1 Re8 28. Rd1 Qe6 29. a3 Kb8 30. Qd2 Ne5 31. Qf2 f5 32. c5 Qf6 1/2-1/2

[Event "CHN-chTB"]
[Site "Harbin"]
[Date "2016.07.12"]
[Round "4.2"]
[White "Zhang, Xiaopeng"]
[Black "Popov, Ivan1"]
[Result "1/2-1/2"]
[WhiteElo "2320"]
[BlackElo "2611"]
[PlyCount "82"]
[EventDate "2016.07.11"]
[EventType "team-swiss"]
[EventRounds "11"]
[EventCountry "CHN"]
[SourceTitle "CBM 173 Extra"]
[Source "ChessBase"]
[SourceDate "2016.08.29"]
[SourceVersion "1"]
[SourceVersionDate "2016.08.29"]
[SourceQuality "1"]
[WhiteTeam "Hangzhou Chess Assoc"]
[BlackTeam "Hebei Ticai"]
[WhiteTeamCountry "CHN"]
[BlackTeamCountry "CHN"]

1. e4 g6 2. d4 Bg7 3. Nc3 d6 4. Be3 a6 5. Nf3 Nf6 6. h3 0-0 7. Bd3 b5 8. a4 b4 9. Ne2 Bb7 10. Ng3 d5 11. e5 Ne4 12. Bxe4 dxe4 13. Ng5 c5 14. c3 bxc3 15. bxc3 cxd4 16. cxd4 Qa5+ 17. Qd2 Qxd2+ 18. Kxd2 Rd8 19. Ke2 a5 20. N5xe4 Ba6+ 21. Kf3 Nc6 22. Rhd1 f6 23. exf6 exf6 24. Nc5 Bc4 25. Ne2 f5 26. Rac1 Bf7 27. Kg3 Rab8 28. Rd2 Rb4 29. Na6 Rc4 30. Rdc2 Rxc2 31. Rxc2 Nb4 32. Nxb4 axb4 33. Rc5 Bf8 34. Rc6 Ra8 35. Rb6 Bc4 36. Ng1 Rxa4 37. Nf3 Ra8 38. Ne5 Ba2 39. Nd7 b3 40. Nxf8 Rxf8 41. d5 b2 1/2-1/2

[Event "CHN-chTB"]
[Site "Harbin"]
[Date "2016.07.11"]
[Round "2.3"]
[White "Zhang, Xiaopeng"]
[Black "Lv, Qinhao"]
[Result "1-0"]
[WhiteElo "2320"]
[BlackElo "1805"]
[PlyCount "61"]
[EventDate "2016.07.11"]
[EventType "team-swiss"]
[EventRounds "11"]
[EventCountry "CHN"]
[SourceTitle "CBM 173 Extra"]
[Source "ChessBase"]
[SourceDate "2016.08.29"]
[SourceVersion "1"]
[SourceVersionDate "2016.08.29"]
[SourceQuality "1"]
[WhiteTeam "Hangzhou Chess Assoc"]
[BlackTeam "Zhejiang Board Games"]
[WhiteTeamCountry "CHN"]
[BlackTeamCountry "CHN"]

1. e4 e6 2. d4 d5 3. Nc3 dxe4 4. Nxe4 Nd7 5. Nf3 Ngf6 6. Nxf6+ Nxf6 7. Bd3 c5 8. Bg5 cxd4 9. Nxd4 Qa5+ 10. Qd2 Qxd2+ 11. Bxd2 Bd7 12. 0-0 Bc5 13. Nb3 Bb6 14. Na5 Bxa5 15. Bxa5 0-0 16. c4 Bc6 17. f3 b6 18. Bc3 Rfd8 19. Rfd1 Nd7 20. b4 Rac8 21. a4 Bb7 22. Bb2 a6 23. Kf2 f6 24. Ke3 a5 25. bxa5 bxa5 26. Bc3 Rc5 27. Be2 e5 28. Bb2 Rcc8 29. Ba3 Nb6 30. Rxd8+ Rxd8 31. Rb1 1-0

[Event "Shenzhen zt 3.5"]
[Site "Shenzhen"]
[Date "2016.07.06"]
[Round "11"]
[White "Zhu, Jiner"]
[Black "Zhang, Xiaopeng"]
[Result "1/2-1/2"]
[WhiteElo "2177"]
[BlackElo "2320"]
[PlyCount "103"]
[EventDate "2016.06.26"]
[EventType "swiss"]
[EventRounds "11"]
[EventCountry "CHN"]
[SourceTitle "CBM 173 Extra"]
[Source "ChessBase"]
[SourceDate "2016.08.29"]
[SourceVersion "1"]
[SourceVersionDate "2016.08.29"]
[SourceQuality "1"]

1. e4 c5 2. Nf3 e6 3. d4 cxd4 4. Nxd4 Nc6 5. Nb5 d6 6. c4 Nf6 7. N1c3 a6 8. Na3 Be7 9. Be2 b6 10. 0-0 Bb7 11. Be3 0-0 12. f3 Ne5 13. Qd4 Nfd7 14. Qd2 Qc7 15. Rac1 Rac8 16. Rfd1 Qb8 17. Kh1 Rfd8 18. Bf1 Bc6 19. Ne2 d5 20. cxd5 exd5 21. f4 Nc4 22. Nxc4 dxc4 23. Qc2 b5 24. Nd4 Bb7 25. Nf5 Bf8 26. e5 Nc5 27. Qe2 g6 28. Rxd8 Rxd8 29. Bxc5 Bxc5 30. Nh6+ Kg7 31. Ng4 Qc8 32. b3 Qf5 33. bxc4 Qxf4 34. e6 Bxg2+ 35. Qxg2 Qxc1 36. Qf3 Rf8 37. Qf6+ Kg8 38. Kg2 fxe6 39. Qxe6+ Rf7 40. Be2 Qg5 41. h4 Qxh4 42. cxb5 axb5 43. Bxb5 Bd6 44. Qc8+ Rf8 45. Qc4+ Rf7 46. Qc8+ Bf8 47. Bc4 Kg7 48. Bxf7 Kxf7 49. Qc4+ Ke8 50. Qc8+ Ke7 51. Qc7+ Ke8 52. Qc8+ 1/2-1/2

[Event "Shenzhen zt 3.5"]
[Site "Shenzhen"]
[Date "2016.07.05"]
[Round "10"]
[White "Zhang, Xiaopeng"]
[Black "Wang, Jue"]
[Result "0-1"]
[WhiteElo "2320"]
[BlackElo "2380"]
[PlyCount "48"]
[EventDate "2016.06.26"]
[EventType "swiss"]
[EventRounds "11"]
[EventCountry "CHN"]
[SourceTitle "CBM 173 Extra"]
[Source "ChessBase"]
[SourceDate "2016.08.29"]
[SourceVersion "1"]
[SourceVersionDate "2016.08.29"]
[SourceQuality "1"]

1. e4 c5 2. Nf3 d6 3. d4 cxd4 4. Nxd4 Nf6 5. Nc3 a6 6. Be3 e5 7. Nb3 Be7 8. f3 Be6 9. Qd2 0-0 10. 0-0-0 Nbd7 11. g4 b5 12. Rg1 Nb6 13. Na5 Rc8 14. g5 Nh5 15. Kb1 Qc7 16. Nd5 Nxd5 17. exd5 Bxd5 18. Qxd5 Qxa5 19. Bd3 g6 20. Rg4 Nf4 21. Bxf4 exf4 22. h4 Rc5 23. Qb3 Re5 24. Rxf4 Qd2 0-1

[Event "Shenzhen zt 3.5"]
[Site "Shenzhen"]
[Date "2016.07.01"]
[Round "6"]
[White "Zhang, Xiaopeng"]
[Black "Liu, Yan"]
[Result "0-1"]
[WhiteElo "2320"]
[BlackElo "2411"]
[PlyCount "86"]
[EventDate "2016.06.26"]
[EventType "swiss"]
[EventRounds "11"]
[EventCountry "CHN"]
[SourceTitle "CBM 173 Extra"]
[Source "ChessBase"]
[SourceDate "2016.08.29"]
[SourceVersion "1"]
[SourceVersionDate "2016.08.29"]
[SourceQuality "1"]

1. e4 c5 2. Nf3 d6 3. d4 cxd4 4. Nxd4 Nf6 5. Nc3 a6 6. Be3 e5 7. Nb3 Be6 8. Qd2 Nbd7 9. f3 h5 10. Nd5 Nxd5 11. exd5 Bf5 12. Be2 Be7 13. 0-0 Bg6 14. Na5 Qc7 15. c4 Bf6 16. Rac1 b6 17. Nc6 a5 18. b3 0-0 19. g3 Rfe8 20. f4 exf4 21. gxf4 h4 22. f5 Bh7 23. Bd3 Nc5 24. Rce1 Qd7 25. Bc2 Ne4 26. Qg2 Bxf5 27. Rxf5 Qxf5 28. Bxb6 h3 29. Rxe4 Rxe4 30. Qxe4 Qg5+ 31. Kf1 Qc1+ 32. Ke2 g6 33. Be3 Qa1 34. c5 Bc3 35. Bb1 f5 36. Qd3 Be5 37. Ne7+ Kg7 38. Nxg6 Qb2+ 39. Bc2 Re8 40. Nh4 Bf4 41. Nxf5+ Kh8 42. Kd2 Qe5 43. Bxf4 Qe1# 0-1

[Event "Shenzhen zt 3.5"]
[Site "Shenzhen"]
[Date "2016.06.28"]
[Round "3"]
[White "Zhang, Xiaopeng"]
[Black "Zuo, Yifan"]
[Result "1-0"]
[WhiteElo "2320"]
[BlackElo "1823"]
[PlyCount "91"]
[EventDate "2016.06.26"]
[EventType "swiss"]
[EventRounds "11"]
[EventCountry "CHN"]
[SourceTitle "CBM 173 Extra"]
[Source "ChessBase"]
[SourceDate "2016.08.29"]
[SourceVersion "1"]
[SourceVersionDate "2016.08.29"]
[SourceQuality "1"]

1. e4 c5 2. Nf3 Nc6 3. d4 cxd4 4. Nxd4 g6 5. Nc3 Bg7 6. Be3 Nf6 7. Bc4 0-0 8. Bb3 d6 9. f3 Bd7 10. Qd2 Rc8 11. 0-0-0 Ne5 12. h4 h5 13. Bg5 Rc5 14. Kb1 b5 15. g4 hxg4 16. f4 Nc4 17. Bxc4 bxc4 18. Bxf6 Bxf6 19. e5 dxe5 20. Nde2 exf4 21. Ne4 Qb6 22. Nxf6+ Qxf6 23. Qxd7 Rb8 24. Qd4 Qb6 25. b3 e5 26. Qd2 a5 27. h5 cxb3 28. axb3 a4 29. Nc1 gxh5 30. Rxh5 axb3 31. Rg5+ Kf8 32. Nxb3 g3 33. Rh1 Ke7 34. Rd1 Qe6 35. Kb2 Rc4 36. Qe2 e4 37. Rdd5 Qc6 38. Rde5+ Kf8 39. Rh5 f3 40. Qd1 Qf6 41. Qh1 Qb6 42. Rh8+ Kg7 43. Qh7+ Kf6 44. Qf5+ Kg7 45. Rh7+ Kg8 46. Qxf7# 1-0

[Event "Shenzhen zt 3.5"]
[Site "Shenzhen"]
[Date "2016.06.27"]
[Round "2"]
[White "Liao, Yu Hao"]
[Black "Zhang, Xiaopeng"]
[Result "1/2-1/2"]
[WhiteElo "1866"]
[BlackElo "2320"]
[PlyCount "51"]
[EventDate "2016.06.26"]
[EventType "swiss"]
[EventRounds "11"]
[EventCountry "CHN"]
[SourceTitle "CBM 173 Extra"]
[Source "ChessBase"]
[SourceDate "2016.08.29"]
[SourceVersion "1"]
[SourceVersionDate "2016.08.29"]
[SourceQuality "1"]

1. e4 c5 2. Nf3 e6 3. g3 d5 4. exd5 exd5 5. d4 Nf6 6. Bg2 Be7 7. 0-0 0-0 8. Nbd2 Nc6 9. dxc5 Bxc5 10. Nb3 Bb6 11. Nfd4 Bg4 12. f3 Bd7 13. Be3 a5 14. Nc1 a4 15. Nce2 Ne5 16. b3 Qe7 17. Qd2 Rfe8 18. Bf2 h6 19. Nf4 Qd6 20. Nd3 Ba5 21. c3 Rac8 22. Rac1 axb3 23. Nxe5 Rxe5 24. axb3 Qc7 25. b4 Bb6 26. Rfe1 1/2-1/2

[Event "Las Vegas Millionaire op"]
[Site "Las Vegas"]
[Date "2015.10.10"]
[Round "5"]
[White "Zhang, Xiaopeng"]
[Black "Li, Ruifeng"]
[Result "0-1"]
[WhiteElo "2279"]
[BlackElo "2446"]
[PlyCount "104"]
[EventDate "2015.10.08"]
[EventType "swiss"]
[EventRounds "9"]
[EventCountry "USA"]
[SourceTitle "CBM 168 Extra"]
[Source "ChessBase"]
[SourceDate "2015.10.29"]
[SourceVersion "1"]
[SourceVersionDate "2015.10.29"]
[SourceQuality "1"]

1. e4 e5 2. Nf3 Nc6 3. Bb5 g6 4. 0-0 Bg7 5. c3 Nge7 6. d4 exd4 7. cxd4 a6 8. Ba4 b5 9. Bb3 0-0 10. Nc3 Na5 11. Bc2 d6 12. h3 c5 13. Bf4 cxd4 14. Nxd4 Bb7 15. Re1 Nc4 16. Rb1 Rc8 17. Qd3 Qb6 18. Red1 Rfe8 19. Bb3 d5 20. e5 Nxe5 21. Bxe5 Bxe5 22. Nf3 Bf6 23. Nxd5 Nxd5 24. Bxd5 Bxd5 25. Qxd5 Re2 26. Nd4 Bxd4 27. Rxd4 Qf6 28. Rf1 Rxb2 29. g3 Qc6 30. Qxc6 Rxc6 31. a4 b4 32. Rf4 Rb6 33. Re1 Rb7 34. a5 Ra2 35. Ree4 Rxa5 36. Rxb4 Ra7 37. h4 h5 38. Kg2 Re5 39. Ra4 a5 40. Rfc4 Rf5 41. Rd4 Kg7 42. Ra2 Kf6 43. Re4 Re5 44. Rf4+ Ke6 45. f3 Rb7 46. Kh3 Rbb5 47. Rfa4 Kd6 48. Kg2 Kc6 49. Rf4 Rf5 50. Rfa4 Kb6 51. g4 Rfd5 52. Rf4 f5 0-1

[Event "Las Vegas Millionaire op"]
[Site "Las Vegas"]
[Date "2015.10.08"]
[Round "1"]
[White "Zhang, Xiaopeng"]
[Black "Nyzhnyk, Illya"]
[Result "1/2-1/2"]
[WhiteElo "2279"]
[BlackElo "2628"]
[PlyCount "42"]
[EventDate "2015.10.08"]
[EventType "swiss"]
[EventRounds "9"]
[EventCountry "USA"]
[SourceTitle "CBM 168 Extra"]
[Source "ChessBase"]
[SourceDate "2015.10.29"]
[SourceVersion "1"]
[SourceVersionDate "2015.10.29"]
[SourceQuality "1"]

1. e4 e6 2. d3 c5 3. Nf3 Nc6 4. g3 g6 5. Bg2 Bg7 6. 0-0 Nf6 7. Nc3 0-0 8. Be3 Qa5 9. Nd2 Qd8 10. Bxc5 d6 11. Be3 Re8 12. d4 Ng4 13. Qxg4 e5 14. Qd1 exd4 15. Bxd4 Nxd4 16. Nb3 Nc6 17. Rb1 Be6 18. Nd5 Rc8 19. c3 Na5 20. Nxa5 Qxa5 21. Qb3 Bxd5 1/2-1/2

[Event "CHN-chB"]
[Site "Zhongshan"]
[Date "2015.07.21"]
[Round "10"]
[White "Zhang, Xiaopeng"]
[Black "Liu, Zhaoqi"]
[Result "1/2-1/2"]
[WhiteElo "2326"]
[BlackElo "2132"]
[PlyCount "117"]
[EventDate "2015.07.17"]
[EventType "swiss"]
[EventRounds "11"]
[EventCountry "CHN"]
[SourceTitle "CBM 167 Extra"]
[Source "ChessBase"]
[SourceDate "2015.09.14"]
[SourceVersion "1"]
[SourceVersionDate "2015.09.14"]
[SourceQuality "1"]

1. e4 e6 2. d4 d5 3. Nc3 Bb4 4. e5 c5 5. a3 Bxc3+ 6. bxc3 Qc7 7. Nf3 Bd7 8. a4 Nc6 9. Bd3 Nge7 10. 0-0 c4 11. Be2 f6 12. Re1 0-0-0 13. Ba3 Nf5 14. Bf1 h5 15. h4 Nh6 16. g3 Nf7 17. Qe2 Rdg8 18. Qe3 g5 19. exf6 gxh4 20. Nxh4 Qd8 21. Qf3 Rh6 22. Bc1 Rxf6 23. Qxh5 e5 24. dxe5 Bg4 25. Bh3 Ncxe5 26. Rxe5 Nxe5 27. Qxe5 Bxh3 28. Bg5 Rxg5 29. Qxg5 Qb6 30. Qd2 Bf5 31. Nxf5 Rxf5 32. Re1 Qf6 33. Qd4 Qxd4 34. cxd4 Rf3 35. Kg2 Rc3 36. Re2 Ra3 37. f4 Rxa4 38. f5 Kd7 39. Re5 Ra2 40. Rxd5+ Ke7 41. Re5+ Kf6 42. g4 Rxc2+ 43. Kf3 Kg5 44. Re8 b5 45. Rg8+ Kf6 46. Kf4 Rf2+ 47. Ke4 Re2+ 48. Kf4 Rf2+ 49. Ke3 Rg2 50. Rb8 c3 51. Rxb5 c2 52. Rc5 Rxg4 53. Rxc2 Kxf5 54. Rc5+ Ke6 55. Ra5 Rg3+ 56. Ke4 Rg4+ 57. Kd3 Rg7 58. Ke4 Rg4+ 59. Kd3 1/2-1/2